Nové obrazy národného umelca Ľudovíta Fullu

Bibliographic Details
Main Author: Peterajová, Ľudmila, 1927-2015 (Author)
Format: Article
Language:Slovak
Subjects:

MARC

LEADER 00000nab a2200000uu 4500
001 vtls011464369
003 SK-MaSNL
005 20260304174220.0
008 230121|1972 xo |||||||||||||||||slo|
015 |a SNBRB 
035 |a (urnnbn)urn:nbn:sk:snk:ar-a0aulx 
035 |a (uuid)b60b134d-cc4b-47ae-a41d-e3d9546749a1 
035 |a urn:nbn:sk:snk-abcxdk 
040 |a SNKBUCL  |b slo  |c SNKBUCL  |e AACR2 
041 0 |a slo 
044 |a xo  |c SK 
100 1 |a Peterajová, Ľudmila,  |d 1927-2015  |4 aut  |9 92703 
245 1 0 |a Nové obrazy národného umelca Ľudovíta Fullu  |c Ľudmila Peterajová 
600 1 7 |a Fulla, Ľudovít,  |d 1902-1980  |2 SNKMA  |9 14872 
773 0 |t Výtvarný život  |g Roč. 17, č. 4 (1972), s. 18-19 
954 |a odborná, vedecká literatúra pôvodná (slovenská)  |2 lita 
958 |a OND 
958 |a EUIPO 
958 |a article16 
999 |c 3007613  |d 3009543